000 00200nam a22000857a 4500
003 SGT
245 _aJournal of Periodontal Research
260 _bWiley Blackwell
_c2012; 2013; 2015; 2016
942 _2ddc
_cBV
999 _c28256
_d28256